000 00786cam a2200205 4500
001 WS123990
008 031023c2023 000 0 eng eng d
035 _a(Sirsi) u123990
110 _aChina Institute of Real Estate Appraisers
_94530
245 _aChina Institute of Real Estate Appraisers
520 _aWeb site for this Chinese organisation for real estate appraisers affiliated to the Ministry of Construction. Includes details of research, qualifications and training.
650 _aORGANISATION
650 _aCHINA
650 _aINTERNATIONAL
650 _aAPPRAISAL
650 _aQUALIFICATIONS
690 _aPROPERTY-PROPERTY APPRAISAL AND VALUATION
856 4 0 _uhttp://www.cirea.org.cn/
_zView the website free of charge at www.cirea.org.cn...
942 _n0
_2ddc
999 _c120326
_d120326